3rd stage Pokemon Starters - Statistics

General Stats
  • This quiz has been taken 10 times
  • The average score is 21 of 27
Answer Stats
Region Type Answer % Correct
Kanto Fire/Flying Charizard
100%
Kanto Water Blastoise
90%
Johto Grass Meganium
90%
Sinnoh Grass/Ground Torterra
90%
Kanto Grass/Poison Venusaur
90%
Alola/Hisui Grass/Ghost (Alola) or Grass/Fighting (Hisui) Decidueye
80%
Kalos Fire/Psychic Delphox
80%
Unova Fire/Fighting Emboar
80%
Sinnoh Water/Steel Empoleon
80%
Kalos Water/Dark Greninja
80%
Sinnoh Fire/Fighting Infernape
80%
Paldea Grass/Dark Meowscarada
80%
Unova/Hisui Water (Unovan) or Water/Dark (Hisuian) Samurott
80%
Hoenn Grass Sceptile
80%
Unova Grass Serperior
80%
Johto/Hisui Fire (Johtonian) or Fire/Ghost (Hisuian) Typhlosion
80%
Hoenn Fire/Fighting Blaziken
70%
Galar Fire Cinderace
70%
Johto Water Feraligatr
70%
Alola Fire/Dark Incineroar
70%
Galar Water Inteleon
70%
Alola Water/Fairy Primarina
70%
Paldea Water/Fighting Quaquaval
70%
Paldea Fire/Ghost Skeledirge
70%
Hoenn Water/Ground Swampert
70%
Galar Grass Rillaboom
60%
Kalos Grass/Fighting Chesnaut
30%
No matching quizzes found
Score Distribution
Percent of People with Each Score
Percentile by Number Answered
Your Score History
You have not taken this quiz